logo

Bir Sreshtho Munshi Abdur Rouf Library
Jhenaidah Cadet College

কবিতাসমগ্র 2 / (Record no. 3594)

MARC details
000 -LEADER
fixed length control field 00614nam a2200229 a 4500
001 - CONTROL NUMBER
JCCL Control Number 3594
003 - CONTROL NUMBER IDENTIFIER
JCCL marc code BD-JhCC
005 - DATE AND TIME OF LATEST TRANSACTION
control field 20180717134013.0
008 - FIXED-LENGTH DATA ELEMENTS--GENERAL INFORMATION
fixed length control field 171115s2006 bg |||| |||| 00| 0 ben d
020 ## - INTERNATIONAL STANDARD BOOK NUMBER
International Standard Book Number 9844125448
035 ## - SYSTEM CONTROL NUMBER
system control number (BD-JhCC)3594
040 ## - CATALOGING SOURCE
Original cataloging agency BD-JhCC
Modifying agency BD-JhCC
041 ## - LANGUAGE CODE
Language code of Book ben
082 ## - DEWEY DECIMAL CLASSIFICATION NUMBER
Classification number 891.4415
Author mark and Year MAH 2006
100 ## - MAIN ENTRY--PERSONAL NAME
Personal name মাহমুদ, আল
245 ## - TITLE STATEMENT
Title কবিতাসমগ্র 2 /
Statement of responsibility, etc আল মাহমুদ
260 ## - PUBLICATION, DISTRIBUTION, ETC. (IMPRINT)
Place of publication, distribution, etc ঢাকা :
Name of publisher, distributor, etc আনন্যা,
Date of publication, distribution, etc 2006.
300 ## - PHYSICAL DESCRIPTION
Pagination 253 p. :
Dimensions 23 cm.
650 ## - SUBJECT ADDED ENTRY--TOPICAL TERM
Topical term or geographic name as entry element Collection of Poem
942 ## - ADDED ENTRY ELEMENTS (KOHA)
Source of classification or shelving scheme Dewey Decimal Classification
Koha item type Books
Koha issues (borrowed), all copies 2
Holdings
Source of classification or shelving scheme volume number Damaged status Not for loan Home library Current library Shelving location Date of accession Cost, normal purchase price Total Checkouts Full call number Barcode Date last seen Date checked out Copy number Koha item type
Dewey Decimal Classification V-2     JCC Rouf Library JCC Rouf Library General Stacks 11/15/2017 200.00 1 891.4415 MAH 2006 5312 09/10/2018 07/16/2018 C-1 Books

JCC Library | Contacts | JCC Home

Last Update on 23 September 2017
Copyright @ 2017-2020 JCC Rouf Library
Rouf Library, Jhenidah Cadet College (JCC), Bangladesh